Analysis on Lie groups and homogeneous spaces
Αποθηκεύτηκε σε:
| Κύριος συγγραφέας: | |
|---|---|
| Συγγραφή απο Οργανισμό/Αρχή: | |
| Μορφή: | Βιβλίο |
| Γλώσσα: | English |
| Δημοσίευση: |
Providence, Rhode Island :
American Mathematical Society,
c1972
|
| Σειρά: | Regional conference series in mathematics ;
; 14 |
| Θέματα: | |
| Ετικέτες: |
Προσθήκη ετικέτας
Δεν υπάρχουν, Καταχωρήστε ετικέτα πρώτοι!
|
MARC
| LEADER | 00000cam a2200000 i 4500 | ||
|---|---|---|---|
| 001 | 1/46849 | ||
| 008 | 941103s1972 eng d | ||
| 020 | |a 0-8218-1664-0 | ||
| 035 | |a 1993 |l 10042906 | ||
| 040 | |a GR-MY-UA |b gre |e aacr | ||
| 041 | 0 | |a eng | |
| 082 | 0 | |a 512.55 | |
| 100 | 1 | |a Helgason, Sigurdur, |d 1927- | |
| 245 | 1 | 0 | |a Analysis on Lie groups and homogeneous spaces / |c Sigurdur Helgason |
| 260 | |a Providence, Rhode Island : |b American Mathematical Society, |c c1972 | ||
| 300 | |a 64 p.; |c 20 cm. | ||
| 490 | 1 | |a Regional conference series in mathematics |v ; 14 | |
| 500 | |a Includes bibliographical refernces | ||
| 500 | |a Expository lectures from the CBMS regional conference held at Dartmouth College, August 1971. | ||
| 650 | 0 | 0 | |a Lie groups. |
| 650 | 0 | 0 | |a Differential equations. |
| 650 | 0 | 0 | |a Harmonic analysis. |
| 710 | 2 | |a Conference Board of the Mathematical Sciences. | |
| 830 | 0 | |a Regional conference series in mathematics ; |v ; 14 | |
| 852 | |a INST |b SAMOS |e 19941103 |h 512.55 HEL |p 005300007491 |q 005300007491 |t BK |y 0 | ||
| 909 | |a Σ |b 033582 | ||